000 00526nam a22001817a 4500
005 20250708150503.0
008 250708b |||||||| |||| 00| 0 eng d
020 _a978-1-285-19383-0
050 _aPE 1408 .M366 2014
100 _aMARIE, ANN
245 _a11 ESSENTIALS OF EFFECTIVE WRITING
260 _aOHIO, OH
_bCENGAGE LEARNING,
_c2014
300 _aXXXV,283P.:ILL
500 _aINCLUDES INDEX
650 _a1. ENGLISH LANGUAGE--RHETORIC 2. REPORT WRITING
700 _aMCNEELY, RADASKIEWICZ
942 _2lcc
_cBK
999 _c215857
_d215857